000 01041nam a2200325 a 4500
003 AR-BaBNM
005 20251128210723.0
008 082120s2002 ||||||||||||||000 | spa||
020 _a84-281-0962-1
040 _cAR-BaBNM
100 1 _aCalaf Masachs, Roser
245 0 0 _aAprender a enseñar geografía
260 _aBarcelona
_bOikos-Tau
_c1999
300 _a248 p.
_btablas
490 0 _aPráctica en educación
500 _aTirada especial para la Red Federal de Formación Docente Continua. Ministerio de Cultura y Educación de la Nación
500 _aContiene referencias bibliográficas
600 1 4 _aVigotsky, Liev Semionovich
600 1 4 _aAusubel, David P.
650 4 _aENSEÑANZA DE LA GEOGRAFIA
650 4 _aENSEÑANZA DE LAS CIENCIAS SOCIALES
650 4 _aMETODOS DE ENSEÑANZA
653 _aEDUCACION PRIMARIA
653 _aEDUCACION SECUNDARIA
653 _aUNIDADES DIDACTICAS
653 _aEVALUACION EDUCATIVA
800 1 _aCantón Mayo, Isabel
_edirector
942 _cBK
998 _cRAQUEL
999 _c16595
_d16595